| 000 | 01169pam a2200265 a 4500 | ||
|---|---|---|---|
| 001 | 3015181 | ||
| 005 | 20230324111358.0 | ||
| 008 | 940630r19941980nyua b 001 0 eng | ||
| 010 | _a 94026727 | ||
| 020 |
_a0486682307 (pbk.) : _c$24.95 |
||
| 040 |
_aDLC _cDLC _dDLC |
||
| 050 | 0 | 0 |
_aTL716 _b.J63 1994 |
| 082 | 0 | 0 |
_a629.133 _220 _bJOH |
| 100 | 1 |
_aJohnson, Wayne, _d1946- _9111359 |
|
| 245 | 1 | 0 |
_aHelicopter theory / _cWayne Johnson. |
| 260 |
_aNew York : _bDover Publications, _c1994. |
||
| 300 |
_axxii, 1089 p. : _bill. ; _c21 cm. |
||
| 500 | _a"This Dover edition ... is an unabridged and slightly corrected republication of the work first published by the Princeton University Press, Princeton, New Jersey, in 1980"--T.p. verso. | ||
| 504 | _aIncludes bibliographical references (p. [961]-1084) and index. | ||
| 650 | 0 |
_aHelicopters. _9111360 |
|
| 856 | 4 | 2 |
_3Publisher description _uhttp://www.loc.gov/catdir/description/dover032/94026727.html |
| 906 |
_a7 _bcbc _corignew _d1 _eocip _f19 _gy-gencatlg |
||
| 942 |
_2ddc _cBK |
||
| 999 |
_c594250 _d594250 |
||